Advanced accounts (Record no. 3791)

000 -LEADER
fixed length control field 00583nam a22002291 4500
001 - CONTROL NUMBER
control field 3791
003 - CONTROL NUMBER IDENTIFIER
control field BD-DhUET
008 - FIXED-LENGTH DATA ELEMENTS--GENERAL INFORMATION
fixed length control field 740123s1966 ii k 000 0 eng
020 ## - INTERNATIONAL STANDARD BOOK NUMBER
International Standard Book Number 8121902789
040 ## - CATALOGING SOURCE
Original cataloging agency DLC
Transcribing agency DLC
Modifying agency BD-DhUET
082 00 - DEWEY DECIMAL CLASSIFICATION NUMBER
Classification number 657
Item number SHU/1999
100 1# - MAIN ENTRY--PERSONAL NAME
Personal name Shukla, M. C.
245 10 - TITLE STATEMENT
Title Advanced accounts
Statement of responsibility, etc. by M. C. Shukla and T. S. Grewal
250 ## - EDITION STATEMENT
Edition statement 14th ed.
260 ## - PUBLICATION, DISTRIBUTION, ETC. (IMPRINT)
Place of publication, distribution, etc. New Delhi
Name of publisher, distributor, etc. S, chand
Date of publication, distribution, etc. 1999
300 ## - PHYSICAL DESCRIPTION
Extent v.p.
Other physical details ill.
Dimensions 25 cm.
504 ## - BIBLIOGRAPHY, ETC. NOTE
Bibliography, etc Includes bibliographies
650 #0 - SUBJECT ADDED ENTRY--TOPICAL TERM
Topical term or geographic name as entry element Accounting
700 ## - ADDED ENTRY--PERSONAL NAME
Personal name Grewal, T. S.
700 ## - ADDED ENTRY--PERSONAL NAME
Personal name Gupta, S. C.
942 ## - ADDED ENTRY ELEMENTS (KOHA)
Koha item type General Book
Holdings
Withdrawn status Shelving location Source of classification or shelving scheme Piece designation (barcode) Location (home branch) Koha normalized classification for sorting Not for loan Koha item type Koha date last seen Copy number Date acquired Price effective from Damaged status Sublocation or collection (holding branch) Lost status Koha full call number
 Circulation section 93656Central Library, BUET657SHU1999 General Book2014-11-0512014-11-052014-11-05 Central Library, BUET 657/SHU/1999
 Circulation section 93657Central Library, BUET657SHU1999 General Book2014-11-0522014-11-052014-11-05 Central Library, BUET 657/SHU/1999
 Circulation section 93658Central Library, BUET657SHU1999 General Book2014-11-0532014-11-052014-11-05 Central Library, BUET 657/SHU/1999
 Circulation section 93659Central Library, BUET657SHU1999 General Book2014-11-0542014-11-052014-11-05 Central Library, BUET 657/SHU/1999
 Circulation section 93660Central Library, BUET657SHU1999 General Book2014-11-0552014-11-052014-11-05 Central Library, BUET 657/SHU/1999
 Circulation section 93661Central Library, BUET657_000000000000000_SHU_1999 General Book2014-11-0562014-11-052014-11-05 Central Library, BUET 657/SHU/1999
 Circulation section 93662Central Library, BUET657SHU1999 General Book2014-11-0572014-11-052014-11-05 Central Library, BUET 657/SHU/1999
 Circulation section 93655Central Library, BUET657_000000000000000_SHU_1999 General Book2014-11-0582014-11-052014-11-05 Central Library, BUET 657/SHU/1999
 Reading section 93654Central Library, BUET657_000000000000000_SHU_1999 Reading Item2015-06-2092015-06-202015-06-20 Central Library, BUET 657/SHU/1999
 Reading section 93653Central Library, BUET657_000000000000000_SHU_1999 Reading Item2015-06-20102015-06-202015-06-20 Central Library, BUET 657/SHU/1999